| 000 | 00847nam a2200217 4500 | ||
|---|---|---|---|
| 001 | 125929 | ||
| 003 | ES-MaACL | ||
| 005 | 20250831074733.0 | ||
| 007 | t| | ||
| 008 | 070214s1967 sp r ||||1| spa d | ||
| 110 | 2 |
_aIglesia Católica. _bPontificium Consilium pro Laicis _94672 |
|
| 245 | 1 | 4 |
_aLas reglas del diálogo _b: criterios propuestos por el Secretariado Pontificio para los No Cristianos / _cpresentación del Cardenal Marella ; traducción Manuel Fernández Hernández. |
| 260 |
_aMadrid : _bPropaganda Popular Católica, _c1967. |
||
| 300 |
_a91 p. ; _c19 cm. |
||
| 490 | 1 |
_aCol. de Pastoral aplicada ; _v45 |
|
| 700 | 1 |
_aMarella, Paolo. _976584 |
|
| 700 | 1 |
_aFernández Hernández, Manuel. _949844 |
|
| 830 | 0 |
_aCol. de Pastoral aplicada ; _v45 _9187165 |
|
| 852 |
_aES-MaACL _jC-33851 _bR.64530 |
||
| 999 |
_c125929 _d125929 |
||